Sur les ardoises áa Nereites de Bourg d'Oueil (Haute-Garonne) / (Record no. 42528)
[ view plain ]
| 000 -LEADER | |
|---|---|
| campo de control de longitud fija | 00703nam a2200193 i 4500 |
| 001 - NÚMERO DE CONTROL | |
| campo de control | 42528 |
| 003 - IDENTIFICADOR DE NÚMERO DE CONTROL | |
| campo de control | ES-MaACL |
| 005 - FECHA Y HORA DE LA ÚLTIMA TRANSACCIÓN | |
| campo de control | 20230906160629.0 |
| 007 - CAMPO FIJO DE DESCRIPCIÓN FÍSICA--INFORMACIÓN GENERAL | |
| campo de control de longitud fija | t| |
| 008 - DATOS DE LONGITUD FIJA--INFORMACIÓN GENERAL | |
| campo de control de longitud fija | 030404s1884 fr |||| | fre d |
| 100 1# - ENTRADA PRINCIPAL--NOMBRE DE PERSONA | |
| Nombre de persona | Barrois, Charles. |
| 9 (RLIN) | 26037 |
| 245 13 - MENCIÓN DEL TÍTULO | |
| Título | Sur les ardoises áa Nereites de Bourg d'Oueil (Haute-Garonne) / |
| Mención de responsabilidad, etc. | par Ch. Barrois. |
| 260 ## - PUBLICACIÓN, DISTRIBUCIÓN, ETC. | |
| Lugar de publicación, distribución, etc. | Lille : |
| Nombre del editor, distribuidor, etc. | [s.n., |
| Fecha de publicación, distribución, etc. | 1884] ( |
| Fabricante | Imp. Liégeoix-Six) |
| 300 ## - DESCRIPCIÓN FÍSICA | |
| Extensión | p. [219]-228 [1] h. pleg. de lám. ; |
| Dimensiones | 23 cm. |
| 500 ## - NOTA GENERAL | |
| Nota general | Extrait des Annales de la Société Géologique du Nord. T.XI, p. 219, séance du 2 Avril 1884. |
| 500 ## - NOTA GENERAL | |
| Nota general | Ejemplar sin port., datos tomados de la p. 219. |
| 650 #4 - PUNTO DE ACCESO ADICIONAL DE MATERIA--TÉRMINO DE MATERIA | |
| Término de materia o nombre geográfico como elemento de entrada | Pizarra. |
| 9 (RLIN) | 164970 |
| 852 ## - LOCALIZACIÓN | |
| Ubicación | ES-MaACL |
| Número de control de estantería | T-910-F-4 |
| Estatus retirado | Estado de pérdida | Estado de daño | No para préstamo | Colección | Biblioteca de origen | Biblioteca actual | Ubicación en estantería | Fecha de adquisición | Fuente de adquisición | Total de préstamos | Signatura topográfica completa | Código de barras | Visto por última vez | Precio de reemplazo | Tipo de ítem Koha |
|---|---|---|---|---|---|---|---|---|---|---|---|---|---|---|---|
| Colección de folletos | Biblioteca del Ateneo de Madrid | Biblioteca del Ateneo de Madrid | Depósito folletos | 17/01/2008 | T-910-F-4 | 1044770 | 23/02/2023 | 23/02/2023 | Folleto |
